Adhesives and Mounting Medium - Statistics

General Stats
  • This quiz has been taken 5 times
    2 since last reset
  • The average score is 74 of 84
Answer Stats
Hint Answer % Correct
Adhesives final dilution of poly-L-Lysine 0.01%
100%
Adhesives initial concentration of aqueous detergent solution used for the production of poly-L-Lysine 0.1%
100%
Refractive Indices Farrant’s Medium 1.43
100%
Refractive Indices Glycerin 1.47
100%
Mounting medium RI of glass 1.518
100%
Refractive Indices XAM 1.52
100%
Refractive Indices Canada Balsam 1.524
100%
Refractive Indices DPX 1.532
100%
Refractive Indices Clarite 1.544
100%
Enumerate the Adhesives 3 1% gelatin
100%
Adhesives formula of gelatin 1% gelatin, 2% formaldehyde
100%
Adhesives how much mold inhibitor if added to the formula of 1% gelatin? 2g
100%
Adhesives how much plasma is added to each sterile tubes? 2 mL
100%
Adhesives complete name of 3-APES 3-aminopropyltriethoxysilane
100%
Enumerate the Adhesives 8 3-APES
100%
Adhesives Very useful in cytology particularly for cytospin preparations of proteinaceous or bloody material. 3-APES
100%
Adhesives best adhesive agent 3-APES
100%
Others The temperature of the hot oven utilized for mounting sections that are not properly dehydrated 50C
100%
Mounting medium What tree is Canada balsam extracted from? Abus balsamea
100%
Aqueous/Water Soluble Mountants 4 Apathy’s Medium
100%
Mounting medium Used for Methylene Blue-stained nerve preparations and as general purpose aqueous mountant Apathy’s Medium
100%
Mounting medium Designed to mount water-miscible preparations directly from water in cases where the stain is removed or decolorized with alcohol or xylene. Aqueous/Water Soluble Mountants
100%
Aqueous/Water Soluble Mountants 5 Brun’s Fluid
100%
Mounting medium Recommended for mounting frozen sections from water or paraffin sections which require dehydration and clearing Brun’s fluid
100%
Resinous Mountants 1 Canada balsam
100%
Permanent Mounting Media 1 Canada balsam
100%
Mounting medium Recommended for whole mounts and for thick sections because it does not shrink much Canada balsam
100%
Mounting medium Miscible with xylene and is quite expensive Canada balsam
100%
Resinous Mountants 4 Clarite
100%
Permanent Mounting Media 3 Clarite
100%
Mounting medium Synthetic resin which is soluble in xylene (usually diluted to 60% with xylene) Clarite
100%
Other recommended synthetic mounting media 3 Clearmount
100%
Resinous Mountants 2 DPX
100%
Permanent Mounting Media 2 DPX
100%
Mounting medium Recommended for small tissue sections DPX
100%
Enumerate the Adhesives 2 Dried albumin
100%
Adhesives formula of dried albumin dried albumin, sodium chloride, distilled water, thymol
100%
Adhesives formula of mayer’s egg white egg white, glycerin, thymol
100%
Permanent Mounting Media 5 Entellan
100%
Permanent Mounting Media 4 Eukitt
100%
Others Two mounting media most commonly used today Eukitt and Entellan
100%
Aqueous/Water Soluble Mountants 3 Farrant’s Medium
100%
Semi-Permanent and Temporary Mounting Media 6 Farrant’s Medium
100%
Mounting medium Does not solidify upon storage Farrant’s Medium
100%
Other name of the mountants Levulose Syrup Fructose
100%
Enumerate the Adhesives 4 Gelatin
100%
Aqueous/Water Soluble Mountants 2 Glycerin
100%
Semi-Permanent and Temporary Mounting Media 2 Glycerin
100%
Mounting medium Also used as preservative, has high index of refraction Glycerin
100%
Other name of the mountants Farrant’s medium Gum syrup
100%
Other name of the mountants Clearmount Gurr
100%
Other recommended synthetic mounting media 2 H.S.R.
100%
Others Made up of 2 parts paraffin wax mixed with 4-9 parts powdered colophonium resin, heated and filtered Kronig cement
100%
Semi-Permanent and Temporary Mounting Media 7 Levulose Syrup
100%
Other name of the mountants Mineral oil Liquid paraffin
100%
Enumerate the Adhesives 1 Mayer’s Egg Albumin
100%
Adhesives Most commonly used because it is very easy to make and relatively inexpensive Mayer’s Egg Albumin
100%
Semi-Permanent and Temporary Mounting Media 3 Mineral oil
100%
Refractive Indices Water N/A
100%
Refractive Indices Apathy’s Medium N/A
100%
Refractive Indices Brun’s Fluid N/A
100%
Other recommended synthetic mounting media 1 Permount
100%
Enumerate the Adhesives 6 Plasma
100%
Enumerate the Adhesives 7 Poly-L-Lysine
100%
Adhesives Used as a section adhesive in immunohistochemistry. poly-L-Lysine
100%
Mounting medium Used for preparations that have been dehydrated and cleared in xylene or toluene and are recommended for majority of staining methods. Resinous mountants
100%
Others Process of sealing the margins of the coverslip to prevent escape of fluid or semi-fluid mounts and evaporation of mountant, to immobilize the coverslip, and to prevent sticking of slides upon storage Ringing
100%
Enumerate the Adhesives 5 Starch paste
100%
Semi-Permanent and Temporary Mounting Media 5 Von Apathy’s Gum Syrup Medium
100%
Aqueous/Water Soluble Mountants 1 Water
100%
Semi-Permanent and Temporary Mounting Media 1 Water
100%
Mounting medium Low refractive index; good only for temporary mounting Water
100%
Resinous Mountants 3 XAM
100%
Mounting medium Synthetic resin mixture in xylene in pale yellow or colorless solution XAM
100%
Mounting medium Complete name of DPX Dibutyphthalate polysterene xylene
0%
Other name of the mountants Permount Fisher Scientific
0%
Adhesives formula of 1% gelatin gelatin, distilled water, glycerol, phenol crystals
0%
Semi-Permanent and Temporary Mounting Media 4 Glycerin jelly
0%
Other name of the mountants Glycerin Glycerol
0%
Other name of the mountants Glycerin jelly Glycerol gelatin
0%
Other name of the mountants H.S.R. Harleco Synthetic Resin
0%
Mounting medium These are resins, either natural or synthetic (soluble in alcohol) Permanent Mounting Media
0%
Mounting medium Semi-permanent and temporary mounting media are used to prevent to use of ______ because it dissolves out essential staining such as fat stains. permanent xylol-resin mounting media
0%
Adhesives formula of starch paste powdered starch, distilled water, hcl, thymol crystals
0%
No matching quizzes found
Score Distribution
Percent of People with Each Score
Percentile by Number Answered
Your Score History
You have not taken this quiz since the last reset